| 000 | 00731nam a2200241Ia 4500 | ||
|---|---|---|---|
| 001 | dia_4169 | ||
| 003 | CHAP | ||
| 005 | 20251029162631.0 | ||
| 008 | 220117s1978 xx 000 0 und d | ||
| 010 | _a174802 | ||
| 040 |
_cCHAP _amxchpua _erda |
||
| 090 | _aFOLLETO 2233 | ||
| 100 |
_aInstituto de capacitación de la industria azucarera _9155652 |
||
| 245 |
_aManejo de azucar, cursos informativos para áreas de producción / _c Instituto de capacitación de la industria azucarera |
||
| 260 |
_aMéxico _c1978 |
||
| 300 | _a33 p. | ||
| 500 | _aS/c | ||
| 650 |
_aAzucar _99133 |
||
| 901 | _aFOLLETO 2233 | ||
| 902 | _aM | ||
| 905 | _a0000001978 mx A 0000000000spa00 | ||
| 942 |
_cFOLL _2local |
||
| 999 |
_c174802 _d174802 |
||